000 00623nam a2200241 a 4500
001 nice12345678
003 IN_TiNIC
005 20260116014102.0
008 091026s2007 oxfa grp 000 0 eng
020 _a1851682449
_c250
082 0 0 _a291
_bCOW1
100 _aCoward, Harold
245 _aScripture in the World Religions
_bA Short Introduction
260 _aOxford
_bOne World Publications
_c2007
300 _a222p
500 _aincludes index and biblioraphy
505 2 _aIndex
650 _aComparative Religion
700 1 _aCoward, Harold
902 _bSRS
942 _cBK
999 _c13814
_d13814